000 00708nam a22002177a 4500
999 _c9623
_d9623
003 AR-CdUCM
008 190328b ||||| |||| 00| 0 spa d
040 _aMUNICIPALIDAD PROVINCIAL DEL CUSCO
_cBIBLIOTECA MUNICIPAL DEL CUSCO
082 _a869.995 /
_bC15P / 1939
100 _aCadilla, Carmen Alicia
_925947
245 _aDiapason /
260 _aArgentina :
_bBrigadas líricas,
_c1939.
300 _a13 páginas ;
_bIlustraciones,
_c24 cm.
500 _aCon dedicatoria a Luis Nieto -- Donación de la familia Nieto
505 _aContenido : Poesías
650 _aPoesía
_9444
650 _aPoetisa Portorriqueña
_925948
650 _aLiteratura
_9416
942 _2ddc
_cLIBROS
945 _admma